| 000 | 01357cad a22002415a 4500 | ||
|---|---|---|---|
| 001 | L149206 | ||
| 008 | 100203s20100127xxk f 000 0 eng d | ||
| 020 | _a9781409821762 | ||
| 035 | _a(Sirsi) u149206 | ||
| 041 | 0 | _aeng | |
| 110 | 2 |
_aUnited Kingdom _bDepartment for Communities and Local Government _94939 |
|
| 245 | 0 | 0 |
_aGeneral consents for licensing schemes under Parts 2 and 3 of the Housing Act 2002 _bconsultation _h[electronic resource] |
| 260 |
_aLondon _bDCLG _c2010 |
||
| 520 | _aSeeks views on the introduction of a general consent to enable local authorities to introduce additional Houses in Multiple Occupation (HMOs) licensing and selective licensing schemes for privately rented property. Currently local authorities have to seek approval of the SoS for such schemes. Local authorities would still have to comply with the legislative requirements such as providing the evidence base and conducting a full consultation. | ||
| 590 | _aKA NTK | ||
| 650 | 2 | 4 | _aHOUSING ACT 2004 |
| 650 | 2 | 4 | _aHOUSING ACT 2004 PART II |
| 650 | 2 | 4 | _aHOUSING ACT 2004 PART III |
| 651 | 4 | _aENGLAND AND WALES | |
| 690 | _aPROPERTY-RESIDENTIAL PROPERTY-RESIDENTIAL LANDLORD AND TENANT | ||
| 856 | 4 | 8 |
_uhttps://www.communities.gov.uk/publications/housing/generalconsentshmo _zView this online document free of charge at www.communities.gov.uk... |
| 942 | _n0 | ||
| 999 |
_c110412 _d110412 |
||